Southville International School and Colleges
Your cart is empty.
  • Cart
  • Lists
    Public lists Eva Luna New books Lux_list list_1
    Your lists Log in to create your own lists
  • Log in to your account
  • Your cookies
  • Search history
Southville International School and Colleges
  • Advanced search
  • Recent comments
  • Most popular
  • Libraries

Log in to your account

Log in with GOOGLE


If you do not have an external account, but do have a local account, you can still log in:

  1. Home
  2. MARC view: Aspects of Modern Oxford
Normal view MARC view ISBD view

Aspects of Modern Oxford (Record no. 268778)

[ view plain ]
MARC details
000 -LEADER
fixed length control field 00726cam a22002533a 4500
001 - CONTROL NUMBER
control field 39525
003 - CONTROL NUMBER IDENTIFIER
control field PGUSA
005 - DATE AND TIME OF LATEST TRANSACTION
control field 20140828083858.0
008 - FIXED-LENGTH DATA ELEMENTS--GENERAL INFORMATION
fixed length control field 120423s2012||||xxu|||||s|||||000 | eng d
040 ## - CATALOGING SOURCE
Original cataloging agency PGUSA
Language of cataloging eng
042 ## - AUTHENTICATION CODE
Authentication code dc
100 1# - MAIN ENTRY--PERSONAL NAME
Personal name Godley, A. D.
Fuller form of name (Alfred Denis),
Dates associated with a name 1856-1925
245 10 - TITLE STATEMENT
Title Aspects of Modern Oxford
Medium [electronic resource] /
Statement of responsibility, etc A. D. Godley
260 ## - PUBLICATION, DISTRIBUTION, ETC. (IMPRINT)
Name of publisher, distributor, etc Project Gutenberg,
Date of publication, distribution, etc 2012
506 ## - RESTRICTIONS ON ACCESS NOTE
Terms governing access Public domain in the USA.
516 ## - TYPE OF COMPUTER FILE OR DATA NOTE
Type of computer file or data note Electronic text
700 1# - ADDED ENTRY--PERSONAL NAME
Personal name Crawford, \T. \H.
700 1# - ADDED ENTRY--PERSONAL NAME
Personal name Lorimer, \J. \H.
700 1# - ADDED ENTRY--PERSONAL NAME
Personal name Speed, Lancelot,
Dates associated with a name 1860-1931
700 1# - ADDED ENTRY--PERSONAL NAME
Personal name Stamp, \E.
830 #0 - SERIES ADDED ENTRY--UNIFORM TITLE
Uniform title Project Gutenberg
Volume number/sequential designation 39525
856 40 - ELECTRONIC LOCATION AND ACCESS
Uniform Resource Identifier <a href="http://www.gutenberg.org/ebooks/39525">http://www.gutenberg.org/ebooks/39525</a>
942 ## - ADDED ENTRY ELEMENTS (KOHA)
Koha item type eBooks
Holdings
Withdrawn status Lost status Damaged status Home library Current library Date acquired Total Checkouts Date last seen Price effective from Koha item type
      Project Gutenberg Project Gutenberg 08/28/2014   08/28/2014 08/28/2014 eBooks

Aspects of Modern Oxford

APA

Godley A. D., Crawford \. \., Lorimer \. \., Speed L. & Stamp \. (2012). Aspects of Modern Oxford. : Project Gutenberg.

Chicago

Godley A D, Crawford \T \H, Lorimer \J \H, Speed Lancelot and Stamp \E. 2012. Aspects of Modern Oxford. : Project Gutenberg.

Harvard

Godley A. D., Crawford \. \., Lorimer \. \., Speed L. and Stamp \. (2012). Aspects of Modern Oxford. : Project Gutenberg.

MLA

Godley A D, Crawford \T \H, Lorimer \J \H, Speed Lancelot and Stamp \E. Aspects of Modern Oxford. : Project Gutenberg. 2012.

  • Place hold
  • Print
  • Cite
  • Add to your cart (remove)
  • Save record
    BIBTEX Dublin Core MARCXML MARC (non-Unicode/MARC-8) MARC (Unicode/UTF-8) MARC (Unicode/UTF-8, Standard) MODS (XML) RIS
  • More searches
    Search for this title in:
    Other Libraries (WorldCat) Other Databases (Google Scholar) Online Stores (Bookfinder.com) Open Library (openlibrary.org)

Exporting to Dublin Core...

SOUTHVILLE LIBRARY

Southville International School and Colleges Library

1281 Tropical Ave. Cor. Luxembourg St., BF Homes International, Las Pinas City

Tel. No. 8256374 / 252358 Loc. 117/146

Powered by Koha